| 000 | 00528nam a2200181Ia 4500 | ||
|---|---|---|---|
| 003 | 0100 | ||
| 008 | 130227s9999 xx 000 0 und d | ||
| 020 | _a9982889002 | ||
| 040 | _cARRUPELIB | ||
| 050 | _aDT3044.S192 2008 | ||
| 100 |
_aSampa, Romance Chanda Snr _915772 |
||
| 245 |
_aSocial and political thought in Zambia/ _cRomance Chanda Sampa Snr |
||
| 260 | _c2008 | ||
| 300 | _a29p. | ||
| 650 |
_bAmerican literature - New England _911122 |
||
| 650 |
_cAmerican poetry - 19th century _911123 |
||
| 942 |
_2lcc _01 _cMONOGRAPH |
||
| 999 |
_c4382 _d4382 |
||